000 00707nam a2200253 i 4500
001 C2-0268694
003 PPAK
005 20180727235540.0
008 060808s2005 my |||| ||||| | may d
020 _a9812548238
040 _aPPAK
_beng
_cPPAK
_erda
082 0 4 _a659.2
_223
090 0 0 _a659.2
_bBAH
_dG
100 0 _aBahtiar Mohamad,
_eauthor
245 1 0 _aPerhubungan awam :
_bamalan dan strategi
264 1 _a[Kuala Lumpur] :
_bThomson Learning ,
_c2005
300 _avii, 245 pages ;
_c26 cm
336 _2rdacontent
_atext
337 _2rdamedia
_aunmediated
338 _2rdacarrier
_avolume
650 1 0 _aPublic relations ; Mass media and business
700 _eauthor
942 _ddc
_cB
999 _c77477
_d77477